Kto Wtedy Wybiegł na Boisko Polska-Anglia 1-1 - Statystyki

Ogólne statystyki
  • Ten quiz został rozwiązany 101 razy
  • Średni wynik to 17 z 27
Statystyki odpowiedzi
Pozycja Nazwisko % Poprawnych
N Lewandowski
99%
BR Szczęsny
99%
ŚO Glik
94%
ŚO Bednarek
91%
ŚPD Krychowiak
89%
N Kane
72%
ŚP Moder
70%
Zmiennik Świderski
69%
N Buksa
68%
Zmiennik Szymański
67%
BR Pickford
66%
PS Sterling
64%
PP/CPS Jóźwiak
60%
ŚO Maguire
59%
PO Walker
59%
LP/CLS Puchacz
56%
LS Grealish
55%
LO Shaw
54%
ŚO Dawidowicz
52%
ŚO Stones
52%
ŚP Linetty
51%
Zmiennik Frankowski
46%
Zmiennik Rybus
45%
ŚPD Rice
41%
ŚPD Phillips
40%
Zmiennik Helik
36%
ŚPO Mount
34%
Nie znaleziono quizów pasujących do podanych kryteriów
Rozkład punktacji
Procent ludzi z każdym wynikiem
Percentyl według liczby udzielonych odpowiedzi
Twoja historia wyników
Nie rozwiązałeś tego quizu